00414nam a2200145Ia 4500008004100000020001800041041000800059082001700067100001900084245004100103250000800144260004700152300001400199500005500213220530s9999 xx 000 0 und d a9781403144188 aeng a299.936bHUB aHubbard L. Ron aDianetics The Evolution of A Science a1st aCaliforniabBridge Publications, Incc2007 a211P.bPB aRohit Sharma Happiness Foundation India, New Delhi